000 00734nam a22002297a 4500
005 20170124105929.0
010 _aA-517009
020 _c00.00
_a8171003885
035 _aA-517009
037 _bCen Lib/Ret
040 _aDPL
_bEN
082 _a371.3078
_bMOH
100 _aMohanty, Jagannath
_972071
245 _aEducational technology /
_cby Jagannath Mohanty
260 _aNew Delhi
_bDeep and Deep Publications
_c1992
270 _aF-159, Rajouri Garden
_bNew Delhi
_e110027
300 _axiii303p.
_c19cm(Hb)
500 _aIncludes bibliographical reference and index
650 _aTechnology -- education
_972072
650 _aEducation -- methods and media
_972073
942 _2ddc
_cEN
_h371.3078
_mMOH
999 _c123718
_d123718